<?xml version="1.0" encoding="UTF-8"?>
<collection xmlns="http://www.loc.gov/MARC21/slim">
  <record>
    <leader>00000nam  2200000   4500</leader>
    <controlfield tag="001">INLIS000000000020492</controlfield>
    <controlfield tag="005">20250703095001</controlfield>
    <datafield tag="035" ind1="#" ind2="#">
      <subfield code="a">0010-0725000022</subfield>
    </datafield>
    <controlfield tag="007">ta</controlfield>
    <controlfield tag="008">250703################|##########|#|##</controlfield>
    <datafield tag="084" ind1="#" ind2="#">
      <subfield code="a">R 156 PKN II 2023</subfield>
    </datafield>
    <datafield tag="100" ind1=" " ind2="#">
      <subfield code="a">Yasrizal</subfield>
    </datafield>
    <datafield tag="245" ind1="1" ind2="#">
      <subfield code="a">Strategi Pemanfaatan Data dan Informasi Geospasial Dalam Mendukung Penanggulangan Kemiskinan /</subfield>
      <subfield code="c">Yasrizal</subfield>
    </datafield>
    <datafield tag="260" ind1="#" ind2="#">
      <subfield code="a">Jakarta :</subfield>
      <subfield code="b">Pusbangkom Pimnas dan Manajerial ASN,</subfield>
      <subfield code="c">2023</subfield>
    </datafield>
    <datafield tag="300" ind1="#" ind2="#">
      <subfield code="a">173 hlm. ;</subfield>
      <subfield code="c">30 cm</subfield>
    </datafield>
    <datafield tag="650" ind1="#" ind2="4">
      <subfield code="a">Informasi Geospasial</subfield>
    </datafield>
    <datafield tag="520" ind1="#" ind2="#">
      <subfield code="a">Proyek perubahan ini disusun sebagai upaya menyediakan data yang valid untuk mendukung penanggulangan kemiskinan. Melalui data yang valid maka intervensi program dan kegiatan untuk penanggulangan kemiskinan menjadi tepat sasasaran. Pendataan keluarga sasaran penduduk miskin selama ini dilakukan secara manual oleh petugas survei sehingga memungkinkan terjadinya intervensi dari pihak luar maupun pengaruh subjektifitas dari petugas survei sendiri. Sebagai solusi untuk mengatasi permasalahan itu maka pendataan rumag tangga sasaran penduduk miskin harus dilakukan dengan memakai data dan informasi geospasial. Proper ini menghasilkan pemodelan pelapisan data rumah tangga sasaran dengan memakai data kemiskinan P3KE yang dikerluarkan oleh Kemenko PMK sebagai data yang akan ditapis. Sedangkan penapisnya digunakan data real dari berbagai stakeholder baik eksternal maupun internal. Penapisan dilakukan dengan memakai layering analisis geospasial,</subfield>
    </datafield>
    <datafield tag="990" ind1="#" ind2="#">
      <subfield code="a">2407156</subfield>
    </datafield>
  </record>
</collection>
